Taylor Swift Filmography - Statistics

General Stats
  • This quiz has been taken 165 times
  • The average score is 4 of 9
Answer Stats
Hint Answer % Correct
2019 Cats
76%
2010 Valentines day
76%
2012 The lorax
50%
2020 Miss Americana
44%
2014 The giver
43%
2021 All Too Well
29%
2009 Hannah Montana: the movie
29%
2019 Bluebird
8%
2009 Jonas brothers :The 3d concert experience
7%
No matching quizzes found
Score Distribution
Percent of People with Each Score
Percentile by Number Answered
Your Score History
You have not taken this quiz